Statistics for January 2 Quiz

Click here to take the quiz!

General Stats

  • This quiz has been taken 7 times
  • The average score is 8 of 20

Answer Stats

YearClue% Correct
1968American actor {Cuba} Gooding Jr., future star of Jerry Maguire and Rat Race, is born
100%
1954The Bharat Ratna and Padma Vibhushan, the highest civillian awards in {India}, are established
100%
1942Manila is captured by {Japan}
83%
1967{Ronald} {Reagan} becomes Governor of California
83%
The second day of the New Year is a {public} {holiday} in ten countries including New Zealand and Russia
83%
1959Luna 1, the first spacecraft to orbit the Sun, is launched by the {Soviet} {Union}
50%
1944The 1st Prime Minister of {Cambodia} (Siem Reap's country), Norodom Ranariddh, is born
50%
1920Birth in Russia of American science fiction writer {Isaac} {Asimov}, known for his Foundation series
33%
1788{Georgia} becomes the 4th U.S. state to ratify the Constitution. Then it included the north of AL and MS
33%
1963In the {Vietnam} {War}, the Battle of Ấp Bắc occurs
33%
1921Science fiction play R.U.R premieres, introducing the word {robot} to the English language
33%
1978The 1978 massacre at Multan Colony Textile Mills occurs in {Pakistan}
33%
366Alemanni cross the frozen {Rhine} river in attempt to invade the Roman Empire
17%
1909Conservative Arizona senator and 1964 Republican presidential nominee {Barry} {Goldwater} is born
17%
1974In the 1973 oil crisis (initiated as a political move by {OPEC}) the max U.S. speed limit lowers to 55mph
17%
1976The beginning of the {Gale} of January 1976, with high winds affecting the North Sea (hint: type of wind)
17%
1993The Jaffna lagoon massacre occurs in {Sri} {Lanka} as part of the 1983–2009 civil war
17%
20011969–73 U.S. Secretary of State {William} {P}. {Rogers} dies
0%
1492Granada falls to the Spanish, marking the end of the 750+ year period known as the {Reconquista}
0%
1903The oldest verified living person from 2018–2022, Kane {Tanaka}, is born
0%

Score Distribution

Percentile by Number Answered

Percent of People with Each Score

Your Score History

You have not taken this quiz